Statistiques concernant 30 scientifiques à deviner

Cliquez ici pour prendre le quiz!

Statistiques générales

  • Ce quiz a été pris 541 fois
  • Le résultat moyen est 17 sur 30

Statistiques - réponses

HintRéponse% Correct
Connu pour sa théorie de la relativité et la formule E=mc²Albert Einstein
98%
Une pomme lui serait tombé sur la têteIsaac Newton
98%
Première femme à gagner le prix NobelMarie Curie
97%
Peintre de la Joconde mais étudia aussi l'anatomie, l'optique et l'hydrodynamiqueLéonard de Vinci
95%
Il a mis au point le vaccin contre la rageLouis Pasteur
93%
Il formula la théorie de l'évolution qui révolutionna la biologieCharles Darwin
88%
Italien qui perfectionne la lunette astronomique et confirme l'héliocentrismeGalilée
82%
Sa phrase: "Je pense donc je suis" est l'une des plus célèbresRené Descartes
78%
On lui doit l'invention du phonographe et le brevetage de la première ampouleThomas Edison
77%
Son tableau périodique des éléments est encore utilisé aujourd'huiDmitri Mendeleïev
74%
Il étudia les fluides et donna son nom à l'unité de la pressionBlaise Pascal
72%
Il aurait trouvé son principe avant de s'écrier "Eurêka" et de courir nu pour l'annoncerArchimède
71%
Père de l'héliocentrismeNicolas Copernic
65%
Son boson est à l'origine de la massePeter Higgs
58%
Il développe le courant alternatifNikola Tesla
57%
Il déposa plus de 350 brevets, dont celui de la dynamiteAlfred Nobel
55%
Sa cage est encore utilisée aujourd'hui pour protéger des nuisances électriquesMichael Faraday
55%
Sa constante est essentielle en mécanique quantiqueMax Planck
53%
Il a travaillé sur les trous noirs, la gravilé quantique ainsi que sur sa maladie, la SLAStephen Hawking
50%
Père de la chimie moderne, découvre l'oxydation et les états de la matièreAntoine Lavoisier
46%
Il a découvert la pénicilline et le lysozymeAlexander Flemming
45%
Connu pour ses travaux sur les réflexes conditionnels sur les chiensIvan Pavlov
41%
Sa modélisation de l'atome lui vaut un prix Nobel en 1922Niels Bohr
39%
Met en évidence la trajectoire des planètes autour du SoleilJohannes Kepler
35%
Il est connu pour avoir fondé la mécanique quantique avec son principe d'incertitudeWerner Heisenberg
25%
L'agent de la tuberculose porte son nomRobert Koch
19%
Inventeur de la radio et du télégraphe sans filGuglielmo Marconi
16%
Ses travaux sur l'ADN permirent à Watson et Crick d'en découvrir la structureRosalind Franklin
16%
On lui doit la découverte du cycle de l'acide citrique qui porte son nomHans Adolf Krebs
12%
Père de l'anatomie moderneAndré Vésale
6%

Distribution des résultats

Percentile par nombre de réponses

% des personnes avec chaque résultat

Votre développement - résultats

Vous n’avez pas pris ce quiz